Digitális eszközök a jegyzetkészítésben
Elmentve itt :
| Szerző: | |
|---|---|
| Testületi szerző: | |
| Dokumentumtípus: | Könyv része |
| Megjelent: |
2020
|
| Sorozat: | LingDok : nyelvész-doktoranduszok dolgozatai
LingDok 19. |
| Kulcsszavak: | Számítógép-hálózat - Internet - oktatás, Pedagógia - digitális |
| Tárgyszavak: | |
| Online Access: | http://acta.bibl.u-szeged.hu/69351 |
| LEADER | 00858naa a2200229 i 4500 | ||
|---|---|---|---|
| 001 | acta69351 | ||
| 005 | 20220110095800.0 | ||
| 008 | 200722s2020 hu o 0|| hun d | ||
| 022 | |a 2416-0601 | ||
| 040 | |a SZTE Egyetemi Kiadványok Repozitórium |b hun | ||
| 041 | |a hun | ||
| 100 | 1 | |a Bencze Norbert | |
| 245 | 1 | 0 | |a Digitális eszközök a jegyzetkészítésben |h [elektronikus dokumentum] / |c Bencze Norbert |
| 260 | |c 2020 | ||
| 300 | |a 9-23 | ||
| 490 | 0 | |a LingDok : nyelvész-doktoranduszok dolgozatai | |
| 490 | 0 | |a LingDok 19. | |
| 650 | 4 | |a Bölcsészettudományok | |
| 650 | 4 | |a Nyelvek és irodalom | |
| 695 | |a Számítógép-hálózat - Internet - oktatás, Pedagógia - digitális | ||
| 710 | |a Országos Nyelvészeti Doktorandusz Konferencia (22.) (2018) (Szeged) | ||
| 856 | 4 | 0 | |u http://acta.bibl.u-szeged.hu/69351/1/lingdok_019_009-023.pdf |z Dokumentum-elérés |